[Event "Sachsen-ch U10"]
[Site "Sebnitz"]
[Date "2007.04.12"]
[Round "4"]
[White "Stefani, Victor"]
[Black "Wiegand, Hendrik"]
[Result "0-1"]
[WhiteElo "807"]
[BlackElo "917"]
[PlyCount "98"]
[EventDate "2007.04.10"]
[EventType "swiss"]
[EventRounds "7"]
[EventCountry "GER"]
[SourceTitle "EXT 2008"]
[Source "ChessBase"]
[SourceDate "2007.11.25"]
[SourceVersion "1"]
[SourceVersionDate "2007.11.25"]
[SourceQuality "1"]

1. e4 e5 2. Nf3 Nc6 3. Bc4 Nf6 4. Ng5 Rg8 5. Bxf7+ Ke7 6. Bxg8 Nxg8 7. d3 Ke8 8. Nc3 Bc5 9. 0-0 d6 10. h3 Bd7 11. Qf3 Nf6 12. Nd5 h6 13. Nxf6+ Qxf6 14. Qxf6 gxf6 15. Nh7 Ke7 16. Bxh6 Rh8 17. Bf8+ Kd8 18. Bg7 Rxh7 19. Bxf6+ Kc8 20. c3 Rf7 21. Bg5 Ne7 22. b4 Bb6 23. a4 a6 24. b5 a5 25. Rac1 Ng6 26. c4 Nf4 27. Bxf4 Rxf4 28. g3 Rf6 29. Kg2 Rh6 30. h4 Bc5 31. f3 Ba3 32. Rcd1 Kd8 33. f4 exf4 34. Rxf4 Rg6 35. h5 Rg5 36. h6 Bb2 37. d4 Rh5 38. Rf6 Bg4 39. Rd2 Bc3 40. Rd3 Bb2 41. Kf2 Rh2+ 42. Ke3 Bc1+ 43. Rd2 Bxd2+ 44. Kd3 Bd1 45. d5 Bxh6 46. g4 Bxg4 47. Rg6 Rh3+ 48. Kd4 Bc1 49. Rxg4 Bb2# 0-1

[Event "Sachsen-ch U10"]
[Site "Sebnitz"]
[Date "2007.04.11"]
[Round "3"]
[White "Wiegand, Hendrik"]
[Black "Schmuecker, Felix"]
[Result "0-1"]
[WhiteElo "917"]
[BlackElo "1256"]
[PlyCount "38"]
[EventDate "2007.04.10"]
[EventType "swiss"]
[EventRounds "7"]
[EventCountry "GER"]
[SourceTitle "EXT 2008"]
[Source "ChessBase"]
[SourceDate "2007.11.25"]
[SourceVersion "1"]
[SourceVersionDate "2007.11.25"]
[SourceQuality "1"]

1. e4 e5 2. Nf3 Nc6 3. Bc4 Bc5 4. h3 Nf6 5. d3 d6 6. Bg5 h6 7. Bh4 g5 8. Bg3 Be6 9. Bxe6 fxe6 10. Nc3 Qd7 11. 0-0 Qg7 12. Na4 Bb6 13. Nxb6 axb6 14. c3 h5 15. d4 exd4 16. cxd4 g4 17. hxg4 hxg4 18. Nd2 Qh7 19. Bh2 Qxh2# 0-1